Made to measure (Record no. 74701)
[ view plain ]
| 000 -LEADER | |
|---|---|
| fixed length control field | 01041cab a2200217 4500 |
| 001 - CONTROL NUMBER | |
| control field | ABS68537 |
| 008 - FIXED-LENGTH DATA ELEMENTS--GENERAL INFORMATION | |
| fixed length control field | 041224n2004 000 0 eng u |
| 035 ## - SYSTEM CONTROL NUMBER | |
| System control number | (Sirsi) u128437 |
| 100 ## - MAIN ENTRY--PERSONAL NAME | |
| Personal name | Bedford, M. |
| 245 ## - TITLE STATEMENT | |
| Title | Made to measure |
| 260 ## - PUBLICATION, DISTRIBUTION, ETC. | |
| Date of publication, distribution, etc. | 2004 |
| 490 ## - SERIES STATEMENT | |
| Series statement | GEO:connexion |
| Volume/sequential designation | 4(1) December/January 2004/2005, 52-53(2) |
| 520 ## - SUMMARY, ETC. | |
| Summary, etc. | Assesses the impact of technology on the role of the land surveyor. Looks at the development of GPS and suggests that satellite navigation may free the land surveyor from an overemphasis on measurement. Argues that this will not necessarily deskill the profession. Gives a definition of a land surveyor. Supports the view that university courses will increasingly reflect the rise in the use of technology and, with high rates of pay suggesting a high level of demand, the main concern is the lack of qualified staff. |
| 590 ## - LOCAL NOTE (RLIN) | |
| Local note | ABS |
| 650 ## - SUBJECT ADDED ENTRY--TOPICAL TERM | |
| Topical term or geographic name entry element | LAND SURVEYING |
| 650 ## - SUBJECT ADDED ENTRY--TOPICAL TERM | |
| Topical term or geographic name entry element | GPS |
| 650 ## - SUBJECT ADDED ENTRY--TOPICAL TERM | |
| Topical term or geographic name entry element | SATELLITE NAVIGATION |
| 650 ## - SUBJECT ADDED ENTRY--TOPICAL TERM | |
| Topical term or geographic name entry element | Measurement |
| 9 (RLIN) | 6256 |
| 690 ## - LOCAL SUBJECT ADDED ENTRY--TOPICAL TERM (OCLC, RLIN) | |
| Topical term or geographic name as entry element | Geomatics |
| 9 (RLIN) | 6242 |
| 942 ## - ADDED ENTRY ELEMENTS (KOHA) | |
| Suppress in OPAC | 0 |
| Withdrawn status | Lost status | Source of classification or shelving scheme | Damaged status | Not for loan | Home library | Current library | Shelving location | Date acquired | Total Checkouts | Full call number | Barcode | Date last seen | Copy number | Price effective from | Koha item type |
|---|---|---|---|---|---|---|---|---|---|---|---|---|---|---|---|
| Dewey Decimal Classification | London | London | Journal article | 24/12/2004 | ABS68537 | 128437-1001 | 06/08/2019 | 1 | 06/08/2019 | Journal article |